[Event "Charlotte Holiday IM 2020"]
[Site "Charlotte"]
[Date "2020.12.30"]
[Round "8.5"]
[White "Li, Eric"]
[Black "Diulger, Alexey"]
[Result "1/2-1/2"]
[WhiteElo "2311"]
[BlackElo "2298"]
[Annotator "TA"]
[PlyCount "87"]
[EventDate "2020.12.26"]
[EventType "tourn"]
[EventCountry "USA"]
[SourceTitle "playchess.com"]
[Source "ChessBase"]
[SourceQuality "1"]

{[%evp 14,87,79,54,78,70,81,70,68,72,81,83,91,68,79,79,83,90,88,72,75,73,90,83,75,76,97,89,87,83,72,53,108,116,102,107,100,108,169,177,196,170,213,96,75,42,47,50,41,37,55,52,51,49,37,0,0,0,0,-30,-24,-23,-20,-188,-168,-196,0,0,0,0,0,0,0,0,0,0]} 1. d4 Nf6 2. c4 d6 3. Nc3 g6 4. e4 Bg7 5. f3 O-O 6. Be3 b6 7. Qd2 $1 {[%mdl 4] now scores much better than the old 7.Bd3.} c5 8. Nge2 cxd4 {E82: King's Indian: Sämisch: 6...b6.} 9. Nxd4 Bb7 10. Be2 Nc6 {White is slightly better.} 11. Nc2 Ne5 12. O-O {[#]} h5 $146 ({Predecessor:} 12... Qc8 13. b3 Rd8 14. Rac1 Bc6 15. Nd5 Qb7 16. Bg5 Bxd5 17. exd5 Re8 18. Rfe1 a6 {1-0 (57) Cucancic,S (2242)-Sajn,S (2098) Rijeka 2018}) 13. Qe1 Qc8 14. Na3 Bc6 15. Rc1 Qb7 16. Qf2 Rac8 17. Rfd1 Kh7 18. b4 Rfd8 19. h3 Be8 20. Bf1 Qa6 21. Qb2 Qb7 22. Qb3 Bh6 ({Better is} 22... h4 $14) 23. Bxh6 $16 Kxh6 24. Nd5 Nxd5 25. exd5 ({Don't play} 25. Rxd5 $6 f6 $11) 25... g5 (25... Kg7 $16 {was worth a try.}) 26. h4 $18 gxh4 27. Qe3+ Kg7 28. Qg5+ (28. Nc2 $18) 28... Ng6 $16 29. Rd4 {Strongly threatening Re1.} e5 30. dxe6 fxe6 31. Bd3 {[#] Black must now prevent Bxg6.} Qe7 32. Qxh5 {And now Nb5 would win.} a5 33. Bxg6 ({And not} 33. bxa5 Rc5 $19) (33. Rg4 {is interesting.} Qf6 34. Bxg6 Bxg6 35. bxa5 Rc5 36. Qxh4 Qxh4 37. Rxh4 bxa5 38. Re1) 33... Bxg6 34. Qxh4 (34. Rg4 {is more complex.} Qf6 35. bxa5 Rc5 36. Qxh4 Qxh4 37. Rxh4 bxa5 38. Nb5) 34... Qxh4 35. Rxh4 axb4 36. Nc2 (36. Nb5 {keeps more tension.} e5 37. Rd1 Rc6 38. Rd2 Bf7 39. Kf2) 36... Bxc2 37. Rxc2 $11 {[%mdl 4096] Endgame KRR-KRR} b5 38. Rb2 $2 (38. Kf2 $1 $11) 38... bxc4 $19 39. Rxb4 c3 ({Black should try} 39... d5 $19 {...c3 is the strong threat.} 40. Kf2 Rb8) 40. Rbg4+ $11 {The position is equal.} Kf6 41. Rh6+ Ke5 42. Rh5+ Kf6 {[#] Hoping for ...d5.} 43. Rh6+ Ke5 44. Rh5+ {White used his chance.  Weighted Error Value: White=0.20/Black=0.15} 1/2-1/2

[Event "Charlotte Holiday IM 2020"]
[Site "Charlotte"]
[Date "2020.12.31"]
[Round "9.2"]
[White "Velikanov, Alexander"]
[Black "Li, Eric"]
[Result "1-0"]
[WhiteElo "2308"]
[BlackElo "2311"]
[Annotator "TA"]
[PlyCount "115"]
[EventDate "2020.12.26"]
[EventType "tourn"]
[EventCountry "USA"]
[SourceTitle "playchess.com"]
[Source "ChessBase"]
[SourceQuality "1"]

{[%evp 18,115,20,19,26,21,24,22,37,23,39,37,51,24,30,33,54,20,12,17,64,45,47,43,62,43,48,54,47,29,43,38,36,16,32,21,28,22,43,27,39,31,49,56,91,67,95,71,361,371,397,387,391,381,564,559,564,521,562,554,562,550,543,552,564,564,5327,558,558,557,543,541,502,502,669,665,654,636,650,644,636,622,722,698,715,708,596,604,723,721,860,855,785,666,822,804,29983,29984,29984,29985]} 1. Nf3 d5 2. g3 Nf6 3. Bg2 c6 4. O-O Bg4 5. d4 Nbd7 6. Nbd2 e6 7. Re1 Be7 8. e4 dxe4 9. Nxe4 Nxe4 10. Rxe4 Bf5 {D02: 1 d4 d5 2 Nf3 sidelines, including 2...Nf6 3 g3 and 2...Nf6 3 Bf4.} 11. Re1 O-O 12. c3 Qb6 {The position is equal.} 13. Nd2 {[#]} Rfc8 $146 ({Predecessor:} 13... Bg6 14. Nc4 Qa6 15. Ne3 Rac8 16. a4 Rfe8 17. a5 b5 18. h4 Nf6 19. Bf3 h6 {1-0 (58) Rotstein,A (2542)-Polak,T (2535) Austria 2010}) 14. Nc4 Qd8 15. Qb3 Bd3 16. Ne3 Qb6 17. d5 (17. Qd1 $5 {[%cal Rd1d3]} Qa6 18. a4 $14) 17... Nc5 ({Don't play} 17... exd5 18. Nxd5 cxd5 19. Rxe7 $16) 18. Qd1 {Hoping for b4.} Bg6 ({But not} 18... cxd5 $6 19. b4 $16) 19. dxe6 Nxe6 20. Nc4 Qb5 21. Ne5 Rd8 22. Qg4 Bf6 {[#]} 23. Bf1 $1 Qa5 24. Nxg6 hxg6 25. Bc4 Qf5 26. Bxe6 fxe6 27. Qe2 Rd5 28. Kg2 Re5 29. Be3 Rf8 30. Rad1 Rf7 31. c4 b5 32. b3 {Black must now prevent g4.} Be7 $2 {[%mdl 8192] [#] This costs Black the game.} (32... g5 $16) 33. g4 $1 $18 {[%cal Rg4f5]} Qf6 34. f4 Re4 35. Qf3 Bb4 (35... Rxe3 $142 36. Qxe3 bxc4 37. Qxe6 cxb3 38. axb3 Bc5 39. Qxf6 Rxf6 40. Rd8+ Kf7 41. Rd7+ Kf8) 36. Qxe4 Bxe1 37. Rxe1 Qh4 38. Bf2 Qxg4+ 39. Bg3 bxc4 40. bxc4 Kh7 41. Qxe6 Rf5 42. Qe2 Rxf4 43. Qxg4 Rxg4 {[%mdl 4096] Endgame KRB-KR} 44. Rc1 Rd4 45. Rc2 g5 46. Kf3 Kg6 47. Ke3 c5 48. Bb8 Rd7 49. Ke4 Kf6 50. Be5+ Ke6 51. Rg2 Rd1 52. Bxg7 Re1+ 53. Kd3 Kf5 54. Bf8 Rd1+ 55. Kc2 Rd4 56. Kc3 Rg4 57. Rxg4 Kxg4 58. Bxc5 {Weighted Error Value: White=0.26/Black=0.34} 1-0

[Event "Charlotte Holiday IM 2020"]
[Site "Charlotte"]
[Date "2020.12.30"]
[Round "9.3"]
[White "Martin Del Campo C., Roberto"]
[Black "Tsay, Vincent"]
[Result "1/2-1/2"]
[WhiteElo "2313"]
[BlackElo "2266"]
[Annotator "TA"]
[PlyCount "52"]
[EventDate "2020.12.26"]
[EventType "tourn"]
[EventCountry "USA"]
[SourceTitle "playchess.com"]
[Source "ChessBase"]
[SourceQuality "1"]

{[%evp 14,15,33,22]} 1. e4 e6 2. d4 d5 3. Nd2 c5 4. exd5 Qxd5 5. Ngf3 cxd4 6. Bc4 Qd6 7. O-O Nf6 8. Nb3 {[#]} {Predecessor:} Nc6 $146 {C07: French Tarrasch: 3...c5, 4 Ngf3 and 4 exd5 Qxd5.} 9. Nbxd4 Nxd4 10. Nxd4 Be7 11. c3 O-O 12. Qf3 Qc7 13. Bd3 Bd7 14. Re1 Rfd8 15. Bg5 Qc5 16. Qg3 Nh5 17. Bxe7 Qxe7 18. Qf3 Qg5 19. g3 Rab8 20. h4 Qh6 21. Re5 g6 22. Rae1 Bc6 23. Nxc6 bxc6 24. R5e2 Qf8 25. b3 Ng7 26. Be4 c5 {½-½ (26) Mamedov,R (2659)-Andreikin,D (2724) Moscow 2019} 1/2-1/2

[Event "Charlotte Holiday IM 2020"]
[Site "Charlotte"]
[Date "2020.12.31"]
[Round "9.4"]
[White "Vijay, Keerthi K."]
[Black "Liang, Jason"]
[Result "0-1"]
[WhiteElo "2242"]
[BlackElo "2317"]
[Annotator "TA"]
[PlyCount "52"]
[EventDate "2020.12.26"]
[EventType "tourn"]
[EventCountry "USA"]
[SourceTitle "playchess.com"]
[Source "ChessBase"]
[SourceQuality "1"]

{[%evp 12,52,0,0,0,0,3,0,0,0,0,0,8,-125,-117,-133,-112,-115,-135,-137,-79,-174,-168,-158,-165,-189,-118,-107,-106,-152,-100,-107,-99,-106,-40,-416,-374,-414,-403,-891,-882,-932,-831]} 1. e4 c6 2. c4 d5 3. exd5 cxd5 4. cxd5 Nf6 5. Nc3 Nxd5 6. d4 Nc6 7. Nf3 Bf5 {next ...Ndb4 is good for Black. B13: Caro-Kann: Exchange Variation and Panov-Botvinnik Attack.} 8. Bb5 e6 9. O-O Be7 {The position is equal.} 10. Ne5 Rc8 {[#]} 11. Qa4 $146 {[%cal Re5c6]} ({Predecessor:} 11. Be3 O-O 12. Nxc6 bxc6 13. Bd3 Bxd3 14. Qxd3 Qb6 15. Rab1 Rfd8 16. Qe2 Bf6 17. Rfd1 {½-½ (32) Tiraspolski,A (1664)-Schindehuette,F (1507) Frankfurt 2014}) 11... Ndb4 12. Qxa7 (12. a3 $11 {remains equal.} a6 13. axb4 axb5 14. Qxb5) 12... O-O $17 13. Bxc6 bxc6 14. a3 Nc2 15. Ra2 Nxd4 ({Better is} 15... Rc7 16. Qb6 Nxd4) 16. Rd1 (16. Nd7 $17) 16... c5 $19 17. Be3 Rc7 $36 {[%mdl 2048] Black is in control.} 18. Qb6 {[#]} Bf6 (18... f6 $1 $19 {[%cal Rf6e5]} 19. Nf3 e5 20. Bxd4 cxd4 21. Qb3+ Kh8) 19. f4 $17 Qc8 20. a4 Rb7 (20... Be7 $142 {And now ...Rd8 would win.} 21. Nb5 (21. Bxd4 $2 cxd4 22. Nb5 Rc2 $19) 21... Rb7) 21. Qa6 Rd8 22. a5 Qc7 (22... Bc2 $17 23. Rd2 Qb8 24. Bxd4 cxd4 25. Rxc2 dxc3 26. Rxc3 Rd1+ 27. Kf2 g5) 23. Nd3 $2 {[%mdl 8192] [#] White does not recover from this.} (23. Qf1 $1 $15) 23... Nc2 $19 24. Nxc5 Rbb8 ({Much less strong is} 24... Rxd1+ 25. Nxd1 Rb8 26. Bf2 $19) 25. Bf2 (25. Rxd8+ $142 Qxd8 26. N5e4 Bxc3 27. Nxc3 Nxe3 28. Qa7) 25... Bxc3 26. Qe2 Bd4 {Weighted Error Value: White=0.67/Black=0.13} 0-1

[Event "Charlotte Holiday IM 2020"]
[Site "Charlotte"]
[Date "2020.12.31"]
[Round "9.5"]
[White "Diulger, Alexey"]
[Black "Vivekananthan, Anish"]
[Result "1-0"]
[WhiteElo "2298"]
[BlackElo "2305"]
[Annotator "TA"]
[PlyCount "155"]
[EventDate "2020.12.26"]
[EventType "tourn"]
[EventCountry "USA"]
[SourceTitle "playchess.com"]
[Source "ChessBase"]
[SourceQuality "1"]

{[%evp 11,155,35,36,16,22,-15,0,-14,47,0,28,-25,29,-9,22,8,66,65,68,60,64,35,36,26,47,41,48,40,72,57,72,62,100,106,97,93,94,87,102,86,148,150,220,111,192,104,153,151,168,75,172,181,191,169,191,179,180,128,227,183,185,178,197,177,231,199,316,299,340,324,465,417,395,375,347,297,460,455,447,351,340,313,462,314,354,174,202,175,294,276,259,255,239,179,322,44,54,48,35,0,145,163,158,142,160,143,185,187,233,228,264,0,0,0,0,0,0,0,0,-64,-70,-67,-58,-68,-58,-79,-58,-58,-8,-8,0,-18,0,-29993,29969,12812,5093,0,0,0,29988,29989,29989,29990,29993,29994]} 1. c4 g6 2. Nc3 Bg7 3. e4 d6 4. d4 e5 5. d5 a5 6. Be3 Nd7 7. a3 {A42: Modern Defence: Averbakh Variation.} Ne7 8. b4 f5 9. f3 $1 {[#] The position is equal.} b6 $146 (9... Nf6 $11) ({Predecessor:} 9... Nf6 10. Bd3 c6 11. dxc6 bxc6 12. Nge2 fxe4 13. Nxe4 Nxe4 14. fxe4 O-O 15. Nc3 Be6 {1-0 (37) Tejero Royo,F (2120)-Madina Yadarola,M (2273) Benidorm 2011}) 10. Rc1 O-O 11. h3 (11. Nh3 $142) 11... Ba6 (11... Nf6 $142) 12. g4 Nf6 13. Bd3 h5 (13... axb4 $11 14. axb4 Rf7) 14. g5 $14 Nd7 15. h4 Kh7 16. Rh2 Rf7 17. Rhc2 Bf8 18. Bf2 Kg8 19. Kf1 Kh7 20. Kg2 Kg8 21. Nge2 Kh7 22. Ng3 fxe4 23. fxe4 Rf4 24. Nge2 Rf7 25. Be3 Ng8 (25... Nb8 $142) 26. Ng3 $16 Bc8 (26... Ne7 $16 27. Rf2 Rxf2+ 28. Bxf2 Bc8) 27. Be2 (27. Nxh5 $1 $18 {Threatens to win with Ng3.} axb4 28. axb4) 27... Kh8 (27... Ndf6 $16) 28. Nb5 (28. Bxh5 $1 $18 Ne7 29. Bg4 {[%mdl 64] Remove Defender, Decoy}) 28... Rh7 29. Qf1 Be7 30. Bd3 (30. Qf2 $18) 30... Bf8 (30... axb4 $16 31. axb4 Nb8) 31. Rf2 $18 Ba6 32. Nc3 Bb7 33. Qe2 Be7 34. Rcf1 (34. Nb5 $18) 34... Qe8 (34... axb4 $16 35. axb4 Nb8) 35. Bc1 Bc8 36. Bb2 Ba6 37. Qd2 Bd8 (37... Qd8 $142 38. Qe3 Qc8) 38. Nce2 Bb7 (38... Rg7 $142 39. Nc3 (39. bxa5 bxa5 40. Bc3 Nc5 $16) 39... Ne7) 39. Nf4 Rc8 40. Ne6 Be7 (40... c6 $142 41. Rf3 Re7) 41. bxa5 Nc5 42. Nxc5 bxc5 43. Ne2 Ra8 (43... Rb8 {was called for.} 44. Nf4 Bc8) 44. Nf4 Bc8 45. Be2 Rg7 46. Nd3 {Qc3 is the strong threat.} Kh7 (46... Rb8 {was necessary.} 47. Ba1 Rb3) 47. Bc3 c6 48. Nb2 (48. Nxe5 $142 dxe5 49. Bxe5) 48... Rb8 49. Bd1 Kh8 (49... Bd8 {keeps fighting.} 50. Qd3 Bc7) 50. Na4 cxd5 51. exd5 Bd8 52. Qe3 Bf5 (52... Bc7 $142 53. Rf8 Qe7) 53. Nb6 $2 ({White has to play} 53. Nxc5 $1 $18 dxc5 54. Qxe5 Qxe5 55. Bxe5) 53... Bxb6 $14 54. axb6 Rxb6 55. a4 {[%cal Ba3a4,Ba4a5][%mdl 32]} Ra7 (55... Ne7 $11 {keeps the balance.}) 56. a5 $16 Rb1 {[#]} 57. Bxh5 $1 {[%mdl 512]} Rxf1 58. Rxf1 Qa4 {[#]} 59. Be2 Ne7 60. h5 Kg8 61. hxg6 $2 ({White should try} 61. Bd3 $18) 61... Nxg6 $11 62. Kg1 Nf4 63. Rxf4 exf4 64. Qxf4 Qc2 65. Qxd6 (65. Qe3 $1 $11 Be4 66. Qd2) 65... Qxc3 $15 (65... Qc1+ $6 66. Kf2 $14) 66. Qb8+ {[%mdl 64] [#] Double Attack} Bc8 $1 67. Qxc8+ {[%mdl 4160] Endgame Double Attack. KQR-KQB} (67. Qxa7 $2 {perishes.} Qg3+ 68. Kh1 Qe1+ 69. Kh2 Qf2+ 70. Kh1 Qe1+ 71. Kg2 Qxe2+ 72. Kg1 Qg4+ 73. Kf2 Qh4+ 74. Ke3 Qd4+ 75. Kf3 Qd3+ 76. Kf4 Qd4+ 77. Kg3 Qg4+ 78. Kf2 Qf4+ 79. Kg2 Qe4+ 80. Kg3 Qg4+ 81. Kf2 $19) 67... Kg7 {Strongly threatening ...Qg3+.} 68. Qe6 ({But not} 68. Qxc5 $2 Rf7 $19) 68... Qc1+ 69. Kf2 {And now Qe5+ would win.} Rf7+ 70. Bf3 $1 Qxg5 71. d6 ({Avoid the trap} 71. Ke2 $2 Re7 $19) 71... Qd2+ 72. Kg3 $2 {[%mdl 8192]} (72. Kg1 $11) 72... Qxa5 $4 {[%mdl 8192]} (72... Qf4+ {and all is fine.} 73. Kf2 Qxf3+ 74. Ke1 Qf1+ 75. Kd2 Rf2+ 76. Kc3 Qa1+ {[%mdl 64] Double Attack} 77. Kb3 Qb2+ 78. Ka4 Qb4#) 73. Qe5+ Rf6 74. d7 $2 (74. Bh5 $18 {White threatens Qg5+ and mate.} Qd8 75. Qe7+ Qxe7 76. dxe7 Rf8 77. e8=Q Rxe8 78. Bxe8 Kf8 79. Bh5) 74... Qd8 $11 75. Bg4 {aiming for Qg5+.} Kf7 $2 {[%mdl 8192]} (75... Qf8 $11 76. Qg5+ Kh7) 76. Qe8+ $1 {[%mdl 64] Promotion. White mates.} Qxe8 77. Bh5+ {[%mdl 64] Skewer} Rg6+ 78. Bxg6+ {White used his chance.  Weighted Error Value: White=0.33/Black=0.43} 1-0